| 000 | 00715nam a2200205 a 4500 | ||
|---|---|---|---|
| 003 | BD-DhJNU | ||
| 005 | 20250504041426.0 | ||
| 008 | 190831r19911999bg ||||gr|||| 00| 0 eng d | ||
| 020 | _a984073881X | ||
| 040 |
_aBD-DhJNU _bENG _cBD-DhJNU _dBD-DhJNU |
||
| 082 |
_a306.2 HUP _223 |
||
| 100 | _aHusain, Shawkat Ara | ||
| 245 |
_aPolitics and society in Bengal, 1921-1936 : a legislative perspective / _cShawkat Ara Husain |
||
| 260 |
_aDhaka : _bBangla Academy, _c1991.[reprinted 1999] |
||
| 300 |
_axii, 259 p. : _bill. ; _c22 cm. |
||
| 504 | _aIncludes bibliographical references and index. | ||
| 650 | _a Bengal (India). Legislative Council | ||
| 650 |
_aBengal (India) _xPolitics and government. |
||
| 942 | _cBK | ||
| 999 |
_c1648 _d1648 |
||